Couch gags 21---Movie references Quiz Stats

Quiz not verified by Sporcle

Challenge
Share
Tweet
Score 0/16 Timer 14:00
0 Plays Today
% Correct
King Kong
97.4%
Avatar
96.1%
Titanic
92.1%
James Bond
90.8%
Frozen
86.8%
Friday the 13th and Nightmare on Elm Street
80.3%
Star Wars
78.9%
Cars
61.8%
% Correct
Finding Nemo
60.5%
Dr. Strangelove
59.2%
The Wizard of Oz
57.9%
The Matrix
43.4%
Music Land
9.2%
Planet of the Apes
7.9%
Powers of Ten
3.9%
Time Bandits
0%

You're not logged in!

Compare scores with friends on all Sporcle quizzes.
Join for Free
OR
Log In

You Might Also Like...

Show Comments

Extras

Top Quizzes Today


Score Distribution

Your Account Isn't Verified!

In order to create a playlist on Sporcle, you need to verify the email address you used during registration. Go to your Sporcle Settings to finish the process.

Report this User

Report this user for behavior that violates our Community Guidelines.

Details: